000 00693nam a2200181 a 4500
001 000043824
005 20201002045004.0
008 140506s2009 sp 001 0 spa d
020 _a9788446030935
040 _aDO-SdBNP
_bspa
_cBNPHU
041 1 7 _aspa
_bbulg.
100 1 _aGrigorova, Svetla
_971676
245 1 0 _aDiccionario español-búlgaro =
_bречник българскo-испански /
_cSvetla Grigorova, Iván Kanchev.
246 1 3 _aречник българскo-испански Svetla Grigorova, Iván Kanchev
260 _aMadrid :
_bAgencia Española de Cooperación Internacional para el Desarrollo,
_c2009.
300 _a1031 ;
_c24 cm.
700 1 2 _aKanchev, Iván
_971677
999 _c43313
_d43313